00432nam a2200109Ia 4500008004100000100002000041245008700061245006400148260004900212650001300261856004800274170221s9999 xx 000 0 und d aJitendra Tewari aSome parallels and propositions from consumer behavior applied to the stock market cJitendra Tewari, Northeastern State University of Oklahoma. bJournal of Management and Marketing Research xBusiness uhttp://www.aabri.com/manuscripts/141915.pdf